000 01145nam a2200265 4500
001 127335
003 ES-MaACL
005 20250328184015.0
007 t|
008 070214s1949 sp r ||||1| spa d
245 0 0 _aPlásticos
_b: introducción a su tecnología /
_cHenry M. Richardson y J. Watson Wilson, editores ; traducción del inglés por Carlos Paniagua Arellano ; revisión y prólogo por Vicente Villar Palasí.
260 _aMadrid :
_bAguilar,
_c1949.
300 _aXVII, 596 p. :
_bil. ;
_c22 cm.
510 _aCCPB,
_c001026010-2
650 7 _9144551
_aPlásticos
700 1 _aPaniagua Arellano, Carlos.
_988784
700 1 _aVillar Palasí, Vicente.
_9115099
700 1 _aRichardson, Henry M.
_996932
700 1 _aWilson, J. Watson.
_9117033
852 _aES-MaACL
_jD-6294
_bR.30343
_bR.M. 5889
_9132011
_cSVI
_xEncuadernación en tela azul
_fSello en tinta azul de la Biblioteca del Ateneo de Madrid
942 _2udc
_cMONOGRAFIA
999 _c127335
_d127335